| 000 | 01023nam a22002537a 4500 | ||
|---|---|---|---|
| 005 | 2008120807127.0 | ||
| 008 | 081208t xxu||||| |||| 00| 0 hin d | ||
| 010 | _aHIN-85362 | ||
| 020 |
_a8190223704 _c150.00 |
||
| 035 | _aHN-57708 | ||
| 037 | _bDBAD / PUB | ||
| 040 |
_aDPL _bHN |
||
| 082 | _a000 | ||
| 100 | _aगीता | ||
| 245 |
_aविश्व दर्पण / _cगीता |
||
| 246 |
_aVishva darpana _bby Gita |
||
| 260 |
_aदिल्ली _bगीता प्रकाशन _c2007 |
||
| 270 |
_a2/7, कड़ीकड़ी रोड़ , विश्वास नगर. शाहदरा _bदिल्ली _e110 032 |
||
| 300 |
_a136पृ. _c21सेमी(सजिल्द) |
||
| 650 | _aविश्व इतिहास | ||
| 650 | _aWorld history | ||
| 942 |
_2ddc _cHN _mगीतावि _h000 |
||
| 999 |
_c19581 _d19581 |
||